AH International Schools' Libraries

Can you say it too? Brrr! Brrr! / (Record no. 48441)

MARC details
000 -LEADER
fixed length control field 00303nam a2200109 4500
020 ## - INTERNATIONAL STANDARD BOOK NUMBER
International Standard Book Number 9780857637178
100 ## - MAIN ENTRY--PERSONAL NAME
Personal name Braun, Sebastian,
Relator term author.
9 (RLIN) 86069
245 ## - TITLE STATEMENT
Title Can you say it too? Brrr! Brrr! /
260 ## - PUBLICATION, DISTRIBUTION, ETC. (IMPRINT)
Place of publication, distribution, etc London;
Name of publisher, distributor, etc Usborne,
Date of publication, distribution, etc 2016.
300 ## - PHYSICAL DESCRIPTION
Extent 12 pages
Dimensions 7.48 x 0.79 x 7.48 inches.
942 ## - ADDED ENTRY ELEMENTS (KOHA)
Source of classification or shelving scheme
Koha item type Board Book
Holdings
Withdrawn status Lost status Source of classification or shelving scheme Damaged status Not for loan Home library Current library Date acquired Total Checkouts Full call number Barcode Checked out Date last seen Date checked out Price effective from Koha item type
          Logos International School Logos International School 02/11/2025 7 BB BRA 040380 06/11/2026 01/23/2026 01/23/2026 02/11/2025 Board Book

For any Logos Library related questions please contact Miss Art at swongnarasuk@asianhope.org.

For any Asian Hope Library related questions please contact Miss Raza at graza@asianhope.org.

Click here to explore our ebooks!

Powered by Koha